Základné východiská a princípy medzinárodného rozvojového práva
Príspevok načrtáva definíciu medzinárodného rozvojového práva a vymedzuje základné zásady, a základné právne a inštitucionálne rámce daného právneho pododvetvia. Skupina Svetovej banky a medzinárodné rozvojové právo. Medzinárodné rozvojové právo je postulát medzinárodnej solidarity medzi štátmi, čia...
Salvato in:
| Autore principale: | |
|---|---|
| Natura: | Capitolo di libro |
| Lingua: | slovacco |
| Soggetti: | |
| Tags: |
Nessun Tag, puoi essere il primo ad aggiungerne!!
|
MARC
| LEADER | 00000nla a2200000 4500 | ||
|---|---|---|---|
| 001 | 0166814 | ||
| 005 | 20240502072915.8 | ||
| 041 | 0 | |a slo | |
| 044 | |a SK | ||
| 245 | 1 | 0 | |a Základné východiská a princípy medzinárodného rozvojového práva |c Klaudia Pyteľová |
| 520 | |a Príspevok načrtáva definíciu medzinárodného rozvojového práva a vymedzuje základné zásady, a základné právne a inštitucionálne rámce daného právneho pododvetvia. Skupina Svetovej banky a medzinárodné rozvojové právo. Medzinárodné rozvojové právo je postulát medzinárodnej solidarity medzi štátmi, čiastočne vyplýva zo zásady spolupráce medzi štátmi, a zároveň do jeho rámca je nutné zaradiť aj základné právne východiská týkajúce sa suverenity štátov a formálnej rovnosti. | ||
| 610 | 2 | 0 | |a právo medzinárodné |
| 610 | 2 | 0 | |a právo verejné medzinárodné |
| 610 | 2 | 0 | |a krajiny rozvojové |
| 610 | 2 | 0 | |a solidarita |
| 610 | 2 | 0 | |a suverenita štátna |
| 100 | 1 | |a Pyteľová, Klaudia, 1985- | |